sanah - ten Stan - Statystyki

Ogólne statystyki
  • Ten quiz został rozwiązany 64 razy
  • Średni wynik to 136 z 193
Statystyki odpowiedzi
Odpowiedź % Poprawnych
A
94%
ja
91%
Ja
91%
I
89%
W
89%
w
89%
Cię
86%
cię
86%
lubię
83%
Lubię
83%
mnie
83%
Mnie
83%
o
83%
O
83%
tak
83%
Tak
83%
już
80%
na
80%
Ty
80%
za
80%
77%
bardzo
77%
bardzo...
77%
myślę
77%
ślubie
77%
jak
74%
Jak
74%
mi
74%
po
74%
Twój
74%
Że
74%
że
74%
to
71%
był
69%
Był
69%
mam
69%
Przez
69%
cygara
66%
deal
66%
dym
66%
imprezie
66%
kawę
66%
nadzieję
66%
Niezły
66%
też
66%
włosy
66%
Zabrałeś
66%
chcesz
63%
dla
63%
kradniesz
63%
Miły
63%
Pachniesz
63%
Pamiętasz
63%
patrzysz
63%
wiosenny
63%
bez
60%
film
60%
pisałam
60%
rumieńce
60%
szkle
60%
Taki
60%
taki
60%
tam
60%
tym
60%
zabój
60%
ciemnym
57%
stary
57%
styl
57%
tył
57%
żel
57%
Starbucks
54%
szyk
54%
Znowu
54%
coś
51%
dnie
51%
Gdzieś
51%
obraz
51%
być
49%
Byś
49%
chwili
49%
gdy
49%
gitarze
49%
iPhonie
49%
każdej
49%
moim
49%
podgrywasz
49%
mógł
46%
zapisuję
46%
Całe
43%
Miejski
43%
SIę
37%
Czy
34%
miło
34%
porobiło
34%
odbiło
31%
odbiło?
31%
Nie znaleziono quizów pasujących do podanych kryteriów
Rozkład punktacji
Procent ludzi z każdym wynikiem
Percentyl według liczby udzielonych odpowiedzi
Twoja historia wyników
Nie rozwiązałeś tego quizu